000 00451nam a22001697a 4500
003 OSt
008 260504b |||||||| |||| 00| 0 eng d
082 _a633.11
_bS4ST
100 _aSingh, Bipin Kumar
245 _aTo Find out the Nitrogen Requirement of Wheat Sown at Different Dates under Irrigated Condition
260 _aPusa,
_bRAU
_c1987
300 _a103P.
502 _bMsc.
_d1987
650 _aAgronomy
650 _aMsc.
942 _2ddc
_cT
999 _c50402
_d50402